An introduction to geology; (Record no. 24365)
[ view plain ]
| 000 -LEADER | |
|---|---|
| fixed length control field | 00994cam a22002291 4500 |
| 001 - CONTROL NUMBER | |
| control field | gs 05001219 |
| 003 - CONTROL NUMBER IDENTIFIER | |
| control field | DLC |
| 005 - DATE AND TIME OF LATEST TRANSACTION | |
| control field | 20260227111303.0 |
| 008 - FIXED-LENGTH DATA ELEMENTS--GENERAL INFORMATION | |
| fixed length control field | 771018r1839uuuuctuabf 000 0 eng c |
| 010 ## - LIBRARY OF CONGRESS CONTROL NUMBER | |
| LC control number | gs 05001219 |
| 035 ## - SYSTEM CONTROL NUMBER | |
| System control number | (OCoLC)3349867 |
| 040 ## - CATALOGING SOURCE | |
| Original cataloging agency | Library, U. S. Geol. survey |
| Transcribing agency | TNJ |
| Modifying agency | DLC |
| 042 ## - AUTHENTICATION CODE | |
| Authentication code | premarc |
| 050 00 - LIBRARY OF CONGRESS CALL NUMBER | |
| Classification number | QE26 |
| Item number | .B16 1839 |
| 100 1# - MAIN ENTRY--PERSONAL NAME | |
| Personal name | Bakewell, Robert, |
| Dates associated with a name | 1768-1843. |
| 245 03 - TITLE STATEMENT | |
| Title | An introduction to geology; |
| Remainder of title | intended to convey a practical knowledge of the science, and comprising the most important recent discoveries; with explanations of the facts and phenomena which serve to confirm or invalidate various geological theories. |
| Statement of responsibility, etc. | By Robert Bakewell. |
| 250 ## - EDITION STATEMENT | |
| Edition statement | 3d American from the 5th London ed., |
| Remainder of edition statement | ed., with an appendix, by Prof. B. Silliman. |
| 260 ## - PUBLICATION, DISTRIBUTION, ETC. | |
| Place of publication, distribution, etc. | New Haven, |
| Name of publisher, distributor, etc. | B. & W. Noyes, |
| Date of publication, distribution, etc. | 1839. |
| 300 ## - PHYSICAL DESCRIPTION | |
| Extent | xxxvi, 596 p. |
| Other physical details | front., illus., 8 pl. (part fold., incl. map) |
| Dimensions | 24 cm. |
| 650 #0 - SUBJECT ADDED ENTRY--TOPICAL TERM | |
| Topical term or geographic name entry element | Geology. |
| 700 1# - ADDED ENTRY--PERSONAL NAME | |
| Personal name | Silliman, Benjamin, |
| Dates associated with a name | 1779-1864, |
| Relator term | ed. |
No items available.